| 000 | 00758cam a22002293a 4500 | ||
|---|---|---|---|
| 001 | 30975 | ||
| 003 | PGUSA | ||
| 005 | 20140828083653.0 | ||
| 008 | 100115s2010||||xxu|||||s|||||000 | eng d | ||
| 040 |
_aPGUSA _beng |
||
| 042 | _adc | ||
| 050 | 4 | _aS | |
| 100 | 1 | _aWalden, J. H. | |
| 245 | 1 | 0 |
_aSoil Culture : _bContaining a Comprehensive View of Agriculture, Horticulture, Pomology, Domestic Animals, Rural Economy, and Agricultural Literature _h[electronic resource] / _cJ. H. Walden |
| 260 |
_bProject Gutenberg, _c2010 |
||
| 506 | _aPublic domain in the USA. | ||
| 516 | _aElectronic text | ||
| 653 | _aAgriculture -- Handbooks, manuals, etc. | ||
| 830 | 0 |
_aProject Gutenberg _v30975 |
|
| 856 | 4 | 0 | _uhttp://www.gutenberg.org/ebooks/30975 |
| 942 | _cEB | ||
| 999 |
_c260230 _d260230 |
||